000 00288nam a2200121Ia 4500
008 190216s9999||||xx |||||||||||||| ||und||
100 _aWells Hg
245 4 _aThe War In The Air
260 _bPenguin Books
_c1996
300 _a255p
650 _aEnglish Novel-English Novel
942 _cBK
999 _c12292
_d12292